India's balance of payments, 1948-49 to 1961-62. (Record no. 68339)

MARC details
000 -LEADER
fixed length control field 00852cam a22002291 4500
001 - CONTROL NUMBER
control field sa 66002372
003 - CONTROL NUMBER IDENTIFIER
control field DLC
005 - DATE AND TIME OF LATEST TRANSACTION
control field 20260227112229.0
008 - FIXED-LENGTH DATA ELEMENTS--GENERAL INFORMATION
fixed length control field 730731s1963 ii a 000 0 eng
010 ## - LIBRARY OF CONGRESS CONTROL NUMBER
LC control number sa 66002372
035 ## - SYSTEM CONTROL NUMBER
System control number (OCoLC)666554
040 ## - CATALOGING SOURCE
Original cataloging agency DLC
Transcribing agency OAU
Modifying agency NSyU
-- DLC
042 ## - AUTHENTICATION CODE
Authentication code premarc
050 00 - LIBRARY OF CONGRESS CALL NUMBER
Classification number HG3883.I4
Item number R43
110 2# - MAIN ENTRY--CORPORATE NAME
Corporate name or jurisdiction name as entry element Reserve Bank of India.
245 10 - TITLE STATEMENT
Title India's balance of payments, 1948-49 to 1961-62.
260 ## - PUBLICATION, DISTRIBUTION, ETC.
Place of publication, distribution, etc. Bombay,
Date of publication, distribution, etc. 1963.
300 ## - PHYSICAL DESCRIPTION
Extent viii, 149 p.
Other physical details col. illus.
Dimensions 28 cm.
500 ## - GENERAL NOTE
General note "The third in the series of the Bank's publications on India's balance of payments, the first of which appeared in May 1953 [issued by the Balance of Payments Division]"
650 #0 - SUBJECT ADDED ENTRY--TOPICAL TERM
Topical term or geographic name entry element Balance of payments
Geographic subdivision India.
710 2# - ADDED ENTRY--CORPORATE NAME
Corporate name or jurisdiction name as entry element Reserve Bank of India.
Subordinate unit Balance of Payments Division.
Title of a work India's balance of payments, 1948-51.

No items available.

Powered by Koha